000 00617nam a2200205 a 4500
001 000021978
005 20200930011529.0
008 100915s2001 dr 000 0 spa d
020 _a9993433179
040 _aDO-SdBNP
_bspa
_cBNPHU
082 _axxx
_bC314n
100 1 _aCarreras Aguilera, Pedro
_943438
245 1 3 _aEl noroeste en los perfiles de la historia dominicana /
_cPedro Carreras Aguilera.
250 _a2a ed.
260 _aSanto Domingo :
_bMediabyte,
_c2001.
300 _a205 p. ;
_c21 cm.
500 _aIncluye notas al pie de páginas
504 _aBibliografĂ­as : p. 203-205
049 _aBNPD
999 _c21476
_d21476